Developmental biology

Guardat en:
Dades bibliogràfiques
Autor principal: Gilbert, Scott F.
Format: Llibre
Idioma:Undetermined
Publicat: Sunderland, Mass. Sinauer Associates 1988
Matèries:
Etiquetes: Afegir etiqueta
Sense etiquetes, Sigues el primer a etiquetar aquest registre!
Thư viện lưu trữ: Trung tâm Học liệu Trường Đại học Cần Thơ
LEADER 00475nam a2200181Ia 4500
001 CTU_125746
008 210402s9999 xx 000 0 und d
082 |a 571.8 
082 |b G466 
100 |a Gilbert, Scott F. 
245 0 |a Developmental biology 
245 0 |c Scott F. Gilbert 
260 |a Sunderland, Mass. 
260 |b Sinauer Associates 
260 |c 1988 
650 |a Embryology 
904 |i Hiếu 
980 |a Trung tâm Học liệu Trường Đại học Cần Thơ